指挥造化:吴在炎怡龙指画联展作品集 (Record no. 322782)

000 -LEADER
fixed length control field 00374nam a22001457a 4500
020 ## - ISBN
ISBN 978754051474
082 ## - 索书号 Call Number
分类号Classification number 941.5
作者号 Author number 8460
100 ## - 作者
作者 辽宁省博物馆 编
245 ## - 书名 TITLE
书名Title 指挥造化:吴在炎怡龙指画联展作品集
250 ## - 版本 EDITION STATEMENT
版本叙述 Edition statement 初版;精装
260 ## - 出版项PUBLICATION, DISTRIBUTION, ETC. (IMPRINT)
出版地 Place of publication 沈阳
出版社 Name of publisher 万卷出版公司
出版日期 Date of publication 2019
300 ## - 稽核项 PHYSICAL DESCRIPTION
页数 Number of Pages 161页
尺寸 Dimensions 29公分
500 ## - 一般附注 GENERAL NOTE
附注 General note
942 ## - ADDED ENTRY ELEMENTS (KOHA)
Koha item type Books
Holdings
Source of classification or shelving scheme Not for loan Permanent Location Current Location Shelving location Date acquired Source of acquisition Cost, normal purchase price Full call number Barcode Cost, replacement price Koha item type
    LIBRARY CHUNG HWA HIGH SCHOOL MUAR LIBRARY CHUNG HWA HIGH SCHOOL MUAR 9 艺术类(一楼) 2026-02-06 198.00 941.5 8460 050228 396.00 Books

Powered by Koha